|
|
|
|
| LEADER |
00000nam0a2200000 4500 |
| 001 |
326891 |
| 005 |
20231102003915.0 |
| 035 |
|
|
|a (RuTPU)RU\TPU\book\352551
|
| 090 |
|
|
|a 326891
|
| 100 |
|
|
|a 20170118d1938 m y0rusy50 ca
|
| 101 |
0 |
|
|a rus
|
| 102 |
|
|
|a RU
|
| 105 |
|
|
|a a z 000zy
|
| 200 |
1 |
|
|a Лебединое озеро
|e балет в 4-х действиях
|f Государственный академический Большой театр России ; П. И. Чайковский
|
| 210 |
|
|
|a Москва
|c [Б. и.]
|d 1938
|
| 215 |
|
|
|a 22 с.
|c ил.
|
| 606 |
1 |
|
|a Спектакли балетные
|2 stltpush
|3 (RuTPU)RU\TPU\subj\55751
|9 73726
|
| 610 |
1 |
|
|a музыкальные спектакли
|
| 610 |
1 |
|
|a музыкальные произведения
|
| 610 |
1 |
|
|a музыкальный театр
|
| 610 |
1 |
|
|a балет
|
| 610 |
1 |
|
|a балетное творчество
|
| 675 |
|
|
|a 792.8
|v 4
|
| 702 |
|
1 |
|a Чайковский
|b П. И.
|c русский композитор
|f 1840-1893
|g Петр Ильич
|2 stltpush
|3 (RuTPU)RU\TPU\pers\1137
|4 230
|9 515
|
| 712 |
0 |
2 |
|a Государственный академический Большой театр России
|c (Москва)
|2 stltpush
|3 (RuTPU)RU\TPU\col\25657
|9 28524
|
| 801 |
|
1 |
|a RU
|b 63413507
|c 20170118
|
| 801 |
|
2 |
|a RU
|b 63413507
|c 20201002
|g RCR
|
| 942 |
|
|
|c BK
|